000 00462nam a2200169 i 4500
001 55869
003 ES-MaACL
007 t|
008 030929s1987 sp ||||1| spa d
020 _a84-404-0745-9
100 1 _aDíaz, María Paz.
_944148
245 1 0 _aAdios, Sevilla
_b: novela /
_cMaría Paz Díaz.
260 _aMadrid :
_b[s.n.],
_c1987.
300 _a152 p. ;
_c24 cm.
500 _aDedicatoria de la autora.
852 _aES-MaACL
_jG-13315
_bR.114820
999 _c55869
_d55869